LEADER 00635nam a2200193 i 4500 001 000000249036 003 CaOOAMICUS 005 20160428000000.0 008 160428s1843 xx u000 u fre u 013 $a227941 040 $aSeMil$bita 245 10$aTome 2.1. 300 $aP. 401-800. 773 0 $tEncyclopédie du dix-neuvieme siècle.$dParis : Au Bureau de l' Encyclopédie du XIXe siècle, 1838.$g3$w()11611 850 $aSeMil 852 $aSeMil$W1$xVenegono$y1$m1D III 4 FA$j199382$B199382$CSeMilBibl$Z2$F210822 $8I 941 1 $a10 961 $aRecupero: Mantegazza 996 $6245$aTome 2.1$9(OLS)http://semarc/title/351308 LEADER 00749nam a2200193 i 4500 001 000000201960 003 CaOOAMICUS 005 20110512000000.0 008 110512s1825 it u000 u ita u 013 $a180666 026 $ae,al i-a. p-,a scvo (7) 1825 (R) 040 $aSeMil$bita 245 10$aVol. 2. 300 $a543, [1] p. 773 0 $tDizionario generale de' sinonimi italiani compilato dall'abate Giovanni Romani di Casalmaggiore.$dMilano : Per Giovanni Silvestri, 1825-1826.$g2$w()5250 773 0 $tOpere dell'abate Giovanni Romani.$dMilano : Giovanni Silvestri $g3$w()24906 850 $aSeMil 852 $aSeMil$W1$xVenegono$y1$m1A I 61 FA$j152486$B152486$CSeMilBibl$Z2$F163573 $8I 996 $6245$aVol. 2$9(OLS)http://semarc/title/13458